000 00283nam a22001217a 4500
041 _aENG
100 _aInternational Student
245 _aSoil Mechanics Foundations And earth Structures
260 _aDelhi
_bAvi
_c1998
300 _a655
650 _aSWCE (06)
856 _uSWCE (06)
999 _c2916
_d2916